Teknik mekanik 1: statik (Record no. 1995)

000 -LEADER
fixed length control field 00884nmm a2200277 a 4500
001 - CONTROL NUMBER
control field ocm000587285
003 - CONTROL NUMBER IDENTIFIER
control field TR-IsHL
005 - DATE AND TIME OF LATEST TRANSACTION
control field 20201028122655.0
008 - FIXED-LENGTH DATA ELEMENTS--GENERAL INFORMATION
fixed length control field 110704s2003 tu tur
007 - PHYSICAL DESCRIPTION FIXED FIELD--GENERAL INFORMATION
fixed length control field cr cn
020 ## - INTERNATIONAL STANDARD BOOK NUMBER
International Standard Book Number 9789756993118
035 ## - SYSTEM CONTROL NUMBER
System control number 587285
-- (N$T)
050 04 - LIBRARY OF CONGRESS CALL NUMBER
Classification number TA350.5
Item number .O38 2003
090 04 - LOCALLY ASSIGNED LC-TYPE CALL NUMBER (OCLC); LOCAL CALL NUMBER (RLIN)
Classification number (OCLC) (R) ; Classification number, CALL (RLIN) (NR) TA350.5
Local cutter number (OCLC) ; Book number/undivided call number, CALL (RLIN) .O38 2003
100 1# - MAIN ENTRY--PERSONAL NAME
Personal name Oğuz, Sacit
245 10 - TITLE STATEMENT
Title Teknik mekanik 1: statik
Medium [electronic resource] /
Statement of responsibility, etc. Sacit Oğuz
250 ## - EDITION STATEMENT
Edition statement 1. bs.
260 ## - PUBLICATION, DISTRIBUTION, ETC.
Place of publication, distribution, etc. Balıkesir :
Name of publisher, distributor, etc. Balıkesir Üniversitesi Yayınları,
Date of publication, distribution, etc. 2003
300 ## - PHYSICAL DESCRIPTION
Extent 270 p.
650 #4 - SUBJECT ADDED ENTRY--TOPICAL TERM
Topical term or geographic name entry element Mühendislik ve Teknoloji
650 #4 - SUBJECT ADDED ENTRY--TOPICAL TERM
Topical term or geographic name entry element Engineering and Technology
650 #0 - SUBJECT ADDED ENTRY--TOPICAL TERM
Topical term or geographic name entry element Statik
General subdivision Mühendislik
650 #0 - SUBJECT ADDED ENTRY--TOPICAL TERM
Topical term or geographic name entry element Static
General subdivision Engineering
650 #7 - SUBJECT ADDED ENTRY--TOPICAL TERM
Topical term or geographic name entry element SCIENCE / Mechanics / Statics
Source of heading or term bisacsh
856 40 - ELECTRONIC LOCATION AND ACCESS
Uniform Resource Identifier <a href="http://search.ebscohost.com/login.aspx?direct=true&scope=site&db=e011xww&AN=587285">http://search.ebscohost.com/login.aspx?direct=true&scope=site&db=e011xww&AN=587285</a>
Holdings
Withdrawn status Lost status Source of classification or shelving scheme Damaged status Not for loan Collection code Permanent Location Current Location Date acquired Total Checkouts Full call number Barcode Date last seen Price effective from Koha item type
        Online   Kıbrıs Amerikan Üniversitesi Kütüphanesi / American University of Cyprus Kıbrıs Amerikan Üniversitesi Kütüphanesi / American University of Cyprus 28.10.2020   TA350.5 .O38 2003 587285 28.10.2020 28.10.2020 E-Kitap
Devinim Yazılım Eğitim Danışmanlık tarafından Koha'nın orjinal sürümü uyarlanarak geliştirilip kurulmuştur.